Phobias - Statistics

General Stats
  • This quiz has been taken 525 times
  • The average score is 5 of 18
Answer Stats
Hint Answer % Correct
Necrophobia Fear of Death/ the dead
90%
Pyrophobia Fear of fire
79%
Agoraphobia Open spaces/ Public places
60%
Gynophobia Fear of Women
50%
Ichthyophobia Fear of Fish
42%
Decidophobia Fear of making decisions
42%
Obesophobia Fear of Obesity
35%
Tetraphobia Fear of the number 4
27%
Emetophobia Vomiting
27%
Ailurophobia Fear of cats
21%
Heliophobia Fear of Sunlight
17%
Ombrophobia Fear of Rain
9%
Chaetophobia Hair
8%
Omphalophobia Fear of Bellybuttons
6%
Atychiphobia Fear of failure
6%
Tokophobia Fear of Childbirth or Pregnancy
5%
Pediophobia Fear of Dolls
5%
Gamophobia Fear of marraige
1%
No matching quizzes found
Score Distribution
Percent of People with Each Score
Percentile by Number Answered
Your Score History
You have not taken this quiz